Focus (Record no. 80263)

MARC details
000 -LEADER
fixed length control field 01211cab a22002535a 4500
001 - CONTROL NUMBER
control field L143763
008 - FIXED-LENGTH DATA ELEMENTS--GENERAL INFORMATION
fixed length control field 080529e20080524xxk f 000 0 eng d
035 ## - SYSTEM CONTROL NUMBER
System control number (Sirsi) u143763
041 0# - LANGUAGE CODE
Language code of text/sound track or separate title eng
100 1# - MAIN ENTRY--PERSONAL NAME
Personal name Elghamry, Nadia
245 00 - TITLE STATEMENT
Title Focus
Remainder of title North and West Yorkshire
260 ## - PUBLICATION, DISTRIBUTION, ETC.
Date of publication, distribution, etc. 2008
490 ## - SERIES STATEMENT
Series statement Estates Gazette
Volume/sequential designation (0820) 24 May 2008, 105-125(15)
520 ## - SUMMARY, ETC.
Summary, etc. Reports that plans for a major office park in Bradford have been shelved, but other developments are becoming available. Reports that after the failure of Land Security's bid to extend a shopping centre close to Clifford's Tower in York city centre, LaSalle Investment is to attempt a similar scheme. Examines the priorities held by office occupiers in Leeds. Reports that although there is significant retail development in Leeds, much of it will not be completed for a number of years. Assesses the tough climate for Leeds' agencies.
590 ## - LOCAL NOTE (RLIN)
Local note KA
651 #4 - SUBJECT ADDED ENTRY--GEOGRAPHIC NAME
Geographic name Yorkshire
Chronological subdivision 1888-
690 ## - LOCAL SUBJECT ADDED ENTRY--TOPICAL TERM (OCLC, RLIN)
Topical term or geographic name as entry element PROPERTY-COMMERCIAL PROPERTY-COMMERCIAL PROPERTY MARKET
700 1# - ADDED ENTRY--PERSONAL NAME
Personal name Quinn, David
700 1# - ADDED ENTRY--PERSONAL NAME
Personal name Cunningham, Daniel
700 1# - ADDED ENTRY--PERSONAL NAME
Personal name Blincoe, Alana Juman
700 1# - ADDED ENTRY--PERSONAL NAME
Personal name Meadwell, Stacey
710 ## - ADDED ENTRY--CORPORATE NAME
Corporate name or jurisdiction name as entry element Estates Gazette
9 (RLIN) 298
942 ## - ADDED ENTRY ELEMENTS (KOHA)
Suppress in OPAC 0

No items available.